<?xml version="1.0" encoding="UTF-8"?><marc:collection xmlns:marc="http://www.loc.gov/MARC21/slim">
  <marc:record>
    <marc:leader>00000nam  2200000za 4500</marc:leader>
    <marc:controlfield tag="001">9.829253</marc:controlfield>
    <marc:controlfield tag="003">CaOODSP</marc:controlfield>
    <marc:controlfield tag="005">20221107145237</marc:controlfield>
    <marc:controlfield tag="007">cr |||||||||||</marc:controlfield>
    <marc:controlfield tag="008">170222s2017    onca    ob   f000 0 eng d</marc:controlfield>
    <marc:datafield tag="020" ind1=" " ind2=" ">
      <marc:subfield code="a">9780660070742</marc:subfield>
    </marc:datafield>
    <marc:datafield tag="040" ind1=" " ind2=" ">
      <marc:subfield code="a">CaOODSP</marc:subfield>
      <marc:subfield code="b">eng</marc:subfield>
    </marc:datafield>
    <marc:datafield tag="043" ind1=" " ind2=" ">
      <marc:subfield code="a">n-cn---</marc:subfield>
    </marc:datafield>
    <marc:datafield tag="086" ind1="1" ind2=" ">
      <marc:subfield code="a">En4-295/2016E-PDF</marc:subfield>
    </marc:datafield>
    <marc:datafield tag="245" ind1="0" ind2="0">
      <marc:subfield code="a">Completing and using ecosystem service assessment for decision-making </marc:subfield>
      <marc:subfield code="h">[electronic resource] : </marc:subfield>
      <marc:subfield code="b">an interdisciplinary toolkit for managers and analysts / </marc:subfield>
      <marc:subfield code="c">lead authors, Susan M. Preston and Ciara Raudsepp-Hearne ; on behalf of the Value of Nature to Canadians Study Taskforce, Federal, Provincial, and Territorial Governments of Canada.</marc:subfield>
    </marc:datafield>
    <marc:datafield tag="246" ind1="1" ind2=" ">
      <marc:subfield code="i">Alternate title: </marc:subfield>
      <marc:subfield code="a">Ecosystem services toolkit</marc:subfield>
    </marc:datafield>
    <marc:datafield tag="260" ind1=" " ind2=" ">
      <marc:subfield code="a">Ottawa : </marc:subfield>
      <marc:subfield code="b">Value of Nature to Canadians Study Taskforce, Federal, Provincial, and Territorial Governments of Canada, </marc:subfield>
      <marc:subfield code="c">2017.</marc:subfield>
    </marc:datafield>
    <marc:datafield tag="300" ind1=" " ind2=" ">
      <marc:subfield code="a">276 p. : </marc:subfield>
      <marc:subfield code="b">col. ill.</marc:subfield>
    </marc:datafield>
    <marc:datafield tag="500" ind1=" " ind2=" ">
      <marc:subfield code="a">Issued also in French under title: Réalisation et utilisation d’une évaluation des services écosystémiques aux fins de prises de décisions : boîte à outils interdisciplinaire à l’intention des gestionnaires et des analystes.</marc:subfield>
    </marc:datafield>
    <marc:datafield tag="500" ind1=" " ind2=" ">
      <marc:subfield code="a">Issued by: Environment and Climate Change Canada.</marc:subfield>
    </marc:datafield>
    <marc:datafield tag="504" ind1=" " ind2=" ">
      <marc:subfield code="a">Includes bibliographical references.</marc:subfield>
    </marc:datafield>
    <marc:datafield tag="520" ind1=" " ind2=" ">
      <marc:subfield code="a">"The Ecosystem Services Toolkit is a technical guide to ecosystem services assessment and analysis that offers practical, step-by-step guidance for governments at all levels, as well as for consultants and researchers. The approach is fully interdisciplinary, integrating biophysical sciences, social sciences, economics, and traditional and practitioner knowledge. It provides guidance on how to consider and incorporate ecosystem services analysis in a variety of different policy contexts such as spatial planning, environmental assessment, and wildlife management, among others. It contains numerous innovative tools and resources designed to enhance users’ understanding of ecosystem services and to support analysis and decision-making. Canadian examples are featured throughout the guide”--Provided by publisher.</marc:subfield>
    </marc:datafield>
    <marc:datafield tag="530" ind1=" " ind2=" ">
      <marc:subfield code="a">Issued also in print format.</marc:subfield>
    </marc:datafield>
    <marc:datafield tag="692" ind1="0" ind2="7">
      <marc:subfield code="2">gccst</marc:subfield>
      <marc:subfield code="a">Environmental impact assessment</marc:subfield>
    </marc:datafield>
    <marc:datafield tag="692" ind1="0" ind2="7">
      <marc:subfield code="2">gccst</marc:subfield>
      <marc:subfield code="a">Environmental management</marc:subfield>
    </marc:datafield>
    <marc:datafield tag="692" ind1="0" ind2="7">
      <marc:subfield code="2">gccst</marc:subfield>
      <marc:subfield code="a">Handbooks</marc:subfield>
    </marc:datafield>
    <marc:datafield tag="700" ind1="1" ind2=" ">
      <marc:subfield code="a">Preston, Susan M.</marc:subfield>
      <marc:subfield code="q">(Susan Margaret),</marc:subfield>
    </marc:datafield>
    <marc:datafield tag="700" ind1="1" ind2=" ">
      <marc:subfield code="a">Raudsepp-Hearne, Ciara,</marc:subfield>
    </marc:datafield>
    <marc:datafield tag="710" ind1="2" ind2=" ">
      <marc:subfield code="a">Value of Nature to Canadians Study Taskforce.</marc:subfield>
    </marc:datafield>
    <marc:datafield tag="710" ind1="1" ind2=" ">
      <marc:subfield code="a">Canada. </marc:subfield>
      <marc:subfield code="b">Environment and Climate Change Canada.</marc:subfield>
    </marc:datafield>
    <marc:datafield tag="775" ind1="0" ind2="8">
      <marc:subfield code="t">Réalisation et utilisation d’une évaluation des services écosystémiques aux fins de prises de décisions </marc:subfield>
      <marc:subfield code="w">(CaOODSP)9.829255</marc:subfield>
    </marc:datafield>
    <marc:datafield tag="776" ind1="0" ind2="#">
      <marc:subfield code="t">Completing and using ecosystem service assessment for decision-making : </marc:subfield>
      <marc:subfield code="w">(CaOODSP)9.829258</marc:subfield>
    </marc:datafield>
    <marc:datafield tag="856" ind1="4" ind2="0">
      <marc:subfield code="q">PDF</marc:subfield>
      <marc:subfield code="s">7.39 MB</marc:subfield>
      <marc:subfield code="u">https://publications.gc.ca/collections/collection_2017/eccc/En4-295-2016-eng.pdf</marc:subfield>
    </marc:datafield>
    <marc:datafield tag="856" ind1="4" ind2="0">
      <marc:subfield code="q">HTML</marc:subfield>
      <marc:subfield code="s">N/A</marc:subfield>
      <marc:subfield code="u">https://www.biodivcanada.ca/reports/ecosystem-services-toolkit</marc:subfield>
    </marc:datafield>
  </marc:record>
</marc:collection>
